| 000 | 00615nam a2200217Ia 4500 | ||
|---|---|---|---|
| 003 | GCL | ||
| 008 | 140319s9999 xx 000 0 eng d | ||
| 040 |
_aGCL / _cGCL |
||
| 082 | 0 | 4 |
_a621.382 _bF T |
| 100 | 1 | _aFREEMAN, ROGER L | |
| 245 | 1 | 0 |
_aTELECOMMUNICATION SYSTEM ENGINEERING / _cFREEMAN, ROGER L |
| 260 |
_a[S.N] : _bA WILEY - INTERSCIENCE PUBLICATIONS ، _c1996 |
||
| 300 | _a1023 | ||
| 650 | 0 | 4 | _aTELECOMMUNICATION |
| 650 | 0 | 4 | _aCOMMUNICATION ENGINEERING |
| 650 | 0 | 4 | _aTELECOMMUNICATION - SYSTEMS |
| 650 | 0 | 4 | _aTECHNOLOGY |
| 650 | 0 | 4 | _aCOMMUNICATION |
| 650 | 0 | 4 | _aTELEPHONE SYSTEM |
| 942 |
_2ddc _cBK |
||
| 999 |
_c14344 _d14344 |
||